| 000 | 00876nam a22002657a 4500 | ||
|---|---|---|---|
| 999 |
_c453 _d453 |
||
| 001 | 003331 | ||
| 003 | CoMeUDC003331 | ||
| 005 | 20181214224532.0 | ||
| 008 | 130821s1997 ck gr spa | ||
| 020 | _a9586880214 | ||
| 040 |
_aCo-BoUCM _bspa _cCoMeUDC |
||
| 041 | 0 | 0 | _aspa |
| 082 | 0 | 4 |
_a382.9 _220 _bC172L |
| 110 | 2 | _aCamara de Comercio de Bogotá | |
| 245 | 1 | 3 |
_aLa solución de controversias en el Hemisferio / _cCamara de Comercio de Bogotá |
| 260 |
_aBogotá (Cundinamarca, Colombia) : _bCamara de Comercio de Bogotá, _c1997. |
||
| 300 | _a364 páginas | ||
| 610 | 7 |
_aGrupo Andino _94291 |
|
| 650 | 0 | 4 |
_aArbitramento internacional _99307 |
| 650 | 0 | 4 |
_aComercio _911192 |
| 650 | 0 | 4 |
_aSolución de conflictos _924842 |
| 650 | 0 | 4 |
_aTratados _925816 |
| 651 | 2 |
_aAmérica _vTratados internacionales _926749 |
|
| 942 |
_cBK _2ddc _a7 _e1 _h382.9 _mC175L |
||